Henri Cartier Bresson. (Registro nro. 2286)

000 -CABECERA
campo de control de longitud fija 00887nam a2200361Ia 4500
001 - NÚMERO DE CONTROL
campo de control 2603
008 - DATOS DE LONGITUD FIJA--INFORMACIÓN GENERAL
campo de control de longitud fija 191123s9999 xx 000 0 und d
020 ## - NÚMERO INTERNACIONAL ESTÁNDAR DEL LIBRO
Número Internacional Estándar del Libro 2851071025
041 ## - CÓDIGO DE LENGUA
Código de lengua del texto/banda sonora o título independiente fre
044 ## - CÓDIGO DEL PAÍS DE LA ENTIDAD EDITORA/PRODUCTORA
Código MARC del país fr
100 ## - ENTRADA PRINCIPAL--NOMBRE DE PERSONA
Nombre de persona Cartier Bresson, Henri
260 ## - PUBLICACIÓN, DISTRIBUCIÓN, ETC.
Lugar de publicación, distribución, etc. Paris :
Nombre del editor, distribuidor, etc. Centre National de la Photographie,
Fecha de publicación, distribución, etc. 1982.
245 #0 - MENCIÓN DE TÍTULO
Título Henri Cartier Bresson.
300 ## - DESCRIPCIÓN FÍSICA
Extensión 139 p.
490 #0 - MENCIÓN DE SERIE
Mención de serie Photo poche
500 ## - NOTA GENERAL
Nota general Bibliografía sobre el artista y lista de exposiciones y films
650 ## - PUNTO DE ACCESO ADICIONAL DE MATERIA--TÉRMINO DE MATERIA
Término de materia o nombre geográfico como elemento de entrada BIOGRAFIASRETRATOS
650 ## - PUNTO DE ACCESO ADICIONAL DE MATERIA--TÉRMINO DE MATERIA
Término de materia o nombre geográfico como elemento de entrada CARTIER BRESSON, HENRI
650 ## - PUNTO DE ACCESO ADICIONAL DE MATERIA--TÉRMINO DE MATERIA
Término de materia o nombre geográfico como elemento de entrada FOTOGRAFIAS
650 ## - PUNTO DE ACCESO ADICIONAL DE MATERIA--TÉRMINO DE MATERIA
Término de materia o nombre geográfico como elemento de entrada FRANCIA
650 ## - PUNTO DE ACCESO ADICIONAL DE MATERIA--TÉRMINO DE MATERIA
Término de materia o nombre geográfico como elemento de entrada GIACOMETTI, ALBERTO
650 ## - PUNTO DE ACCESO ADICIONAL DE MATERIA--TÉRMINO DE MATERIA
Término de materia o nombre geográfico como elemento de entrada MATISSE, HENRI,
700 ## - PUNTO DE ACCESO ADICIONAL--NOMBRE DE PERSONA
Nombre de persona Clair, Jean,
902 ## - ELEMENTOS DE DATOS B LOCAL, LDB (RLIN)
a M
903 ## - ELEMENTOS DE DATOS C LOCAL, LDC (RLIN)
a m
904 ## - ELEMENTOS DE DATOS D LOCAL, LDD (RLIN)
a m
907 ## - ELEMENTOS DE DATOS G LOCAL, LDG (RLIN)
a Impreso
911 ## - EQUIVALENCIA O REFERENCIA-CRUZADA-NOMBRE DE CONFERENCIA O REUNIÓN/CONGRESO [LOCAL, CANADÁ]
Nombre de congreso/reunión o jurisdicción como elemento de entrada 63 fotos b/n; 19 cm
912 ## -
-- 1982
920 ## -
-- n. 2
942 ## - ELEMENTOS DE PUNTO DE ACCESO ADICIONAL (KOHA)
Tipo de ítem Koha Libro
Existencias
Estado de retiro Estado de pérdida Estado dañado No para préstamo Localización permanente Ubicación/localización actual Fecha de adquisición Código de barras Fecha visto por última vez Precio válido a partir de Tipo de ítem Koha
        Biblioteca Horacio Butler Biblioteca Horacio Butler 2019-11-23 6311 2019-11-23 2019-11-23 Libro

Con tecnología Koha